000 01363nam a2200337 a 4500
001 ebr10642531
003 CaPaEBR
006 m u
007 cr cn|||||||||
008 900515s1991 dcu sb 001 0 eng d
010 _z 90039456
020 _z0813207398 (alk. paper)
020 _z0813207401 (pbk. : alk. paper)
020 _z9780813207407
020 _z9780813220918 (e-book)
040 _aCaPaEBR
_cCaPaEBR
035 _a(OCoLC)652085269
050 1 4 _aHQ766.3
_b.S57 1991eb
082 0 4 _a241/.66
_220
100 1 _aSmith, Janet E.,
_d1950-
245 1 0 _aHumanae vitae
_h[electronic resource] :
_ba generation later /
_cJanet E. Smith.
260 _aWashington, D.C. :
_bCatholic University of America Press,
_cc1991.
300 _axvi, 425 p.
504 _aIncludes bibliographical references (p. 407-420) and index.
533 _aElectronic reproduction.
_bPalo Alto, Calif. :
_cebrary,
_d2013.
_nAvailable via World Wide Web.
_nAccess may be limited to ebrary affiliated libraries.
610 2 0 _aCatholic Church.
_bPope (1963-1978 : Paul VI).
_tHumanae vitae.
650 0 _aBirth control
_xReligious aspects
_xCatholic Church.
655 7 _aElectronic books.
_2local
710 2 _aebrary, Inc.
856 4 0 _uhttp://site.ebrary.com/lib/rucke/Doc?id=10642531
_zAn electronic book accessible through the World Wide Web; click to view
999 _c43813
_d43813